| 000 | 00918cam a22002895a 4500 | ||
|---|---|---|---|
| 001 | 18200031 | ||
| 005 | 20160202144014.0 | ||
| 008 | 140625t2014 caua fr 001 0 eng d | ||
| 020 | _a9780321928986 (pbk.) | ||
| 020 | _a0321928989 (pbk.) | ||
| 040 |
_aDLC _beng _cDLC _dEG-ScBUE |
||
| 082 | 0 | 4 |
_222 _a006.693 _bBIR |
| 100 | 1 |
_aBirn, Jeremy, _939237 |
|
| 245 | 1 | 0 |
_a[Digital] lighting & rendering / _cJeremy Birn. |
| 246 | 3 | 0 | _aLighting & rendering |
| 246 | 3 | 0 | _a[Digital] lighting and rendering |
| 250 | _a3rd ed. | ||
| 260 |
_a[San Francisco] : _bNew Riders, _cc.2014. |
||
| 300 |
_aix, 453 p. : _bill. (col.) ; _c24 cm. |
||
| 500 | _aIndex : p. 443-453. | ||
| 650 | 7 |
_aComputer graphics. _2BUEsh _93615 |
|
| 650 | 7 |
_aLight _xComputer simulation. _2BUEsh _939239 |
|
| 650 | 7 |
_aThree-dimensional display systems. _2BUEsh _937703 |
|
| 651 | _2BUEsh | ||
| 653 |
_bCOMAME _cJune2015 _cFebruary2016 |
||
| 942 | _2ddc | ||
| 999 |
_c20034 _d20006 |
||